<Der> Handel <Das> Wirschaftsmagazin für Handelsunternehmer

Salvato in:
Dettagli Bibliografici
Natura: Periodico
Lingua:tedesco
Pubblicazione: Frankfurt am Main DFV Mediengruppe
Soggetti:
Tags: Aggiungi Tag
Nessun Tag, puoi essere il primo ad aggiungerne!!

MARC

LEADER 00000nas1a22000001 4500
001 s120195
005 20260128085330.3
022 |a 0942-4881 
041 0 |a ger 
044 |a DE 
245 1 0 |a <Der> Handel  |b <Das> Wirschaftsmagazin für Handelsunternehmer 
264 1 |a Frankfurt am Main  |b DFV Mediengruppe 
500 |a Do r. 1991 vydavateľ: Wirtschaft Berlin 
610 2 0 |a obchod vnútorný 
610 2 0 |a manažment 
610 2 0 |a riadenie obchodu